Tendencie na medzinárodných OTC devízových trhoch a slovenský devízový trh
Súčasné vývojové tendencie na medzinárodných devízových OTC trhoch na základe údajov o objemoch obchodov, menovej štruktúre, teritoriálneho rozloženia obchodov a druhov obchodov na OTC trhoch. Tradičné druhy devízových obchodov - spotové obchody, swapové obchody a forwardové obchody. Stručná analýza...
Saved in:
| Main Author: | |
|---|---|
| Other Authors: | |
| Format: | Book Chapter |
| Language: | Slovak |
| Subjects: | |
| Tags: |
No Tags, Be the first to tag this record!
|
MARC
| LEADER | 00000nla$a2200000$$$4500 | ||
|---|---|---|---|
| 001 | 0051155 | ||
| 005 | 20240502071608.7 | ||
| 041 | 0 | |a slo | |
| 044 | |a SK | ||
| 245 | 1 | 0 | |a Tendencie na medzinárodných OTC devízových trhoch a slovenský devízový trh |c Anežka Jankovská, Miroslav Makúch |
| 520 | |a Súčasné vývojové tendencie na medzinárodných devízových OTC trhoch na základe údajov o objemoch obchodov, menovej štruktúre, teritoriálneho rozloženia obchodov a druhov obchodov na OTC trhoch. Tradičné druhy devízových obchodov - spotové obchody, swapové obchody a forwardové obchody. Stručná analýza celkového objemu a štruktúry derivátových obchodov na OTC trhoch. Vývoj devízového trhu na Slovensku a jeho porovnanie s celosvetovými tendenciami. | ||
| 610 | 2 | 0 | |a trh devízový |
| 610 | 2 | 0 | |a investície |
| 610 | 2 | 0 | |a financie |
| 610 | 2 | 0 | |a banky |
| 610 | 2 | 0 | |a investori |
| 610 | 2 | 0 | |a investície finančné |
| 610 | 2 | 0 | |a mena |
| 610 | 2 | 0 | |a koruna |
| 610 | 2 | 0 | |a deriváty |
| 100 | 1 | |a Jankovská, Anežka | |
| 700 | 1 | |a Makúch, Miroslav, 1981- | |